| 000 | 01283nam a22002537a 4500 | ||
|---|---|---|---|
| 005 | 20170124103210.0 | ||
| 010 | _aA-974801 | ||
| 020 | _c60.00 | ||
| 035 | _aA-974801 | ||
| 037 | _bCen Lib/Ret | ||
| 040 |
_aDPL _bHN |
||
| 082 |
_a307.772 _bशक्लही |
||
| 100 |
_aशक्ल, हीरालाल _996246 |
||
| 245 |
_aआदिवासी अस्मिता और विकास : _cहीरालाल शक्ल _bमध्यप्रदेश के विशेष संदर्भ में / |
||
| 246 |
_aAadivasi asmita aur vikas : madhyapradesh ke vishesh sandarbh mein / _bby Heeralal Shukla |
||
| 260 |
_aभोपाल _bमध्यप्रदेश हिन्दी ग्रन्थ अकादमी _c1997 |
||
| 270 |
_aरवीन्द्रनाथ ठाकुर मार्ग, बानगंगा _bभोपाल _e462003 |
||
| 300 |
_axx,358पृ. : _c21सेमी(सजिल्द) _bसचित्र |
||
| 650 |
_aआदिवासी संस्कृति _91200 |
||
| 650 |
_aआदिवासी--मध्यप्रदेश _996247 |
||
| 650 |
_aTribal culture _996248 |
||
| 650 |
_aTribal--Madhya Pradesh _996249 |
||
| 942 |
_2ddc _cHN _h307.772 _mशक्लही |
||
| 999 |
_c121296 _d121296 |
||